The American Inquisition, 1945-1960 : (Record no. 9443)
[ view plain ]
| 000 -LEADER | |
|---|---|
| fixed length control field | 00958cam a2200241 a 4500 |
| 001 - CONTROL NUMBER | |
| control field | 1979396 |
| 005 - DATE AND TIME OF LATEST TRANSACTION | |
| control field | 20260422123827.0 |
| 008 - FIXED-LENGTH DATA ELEMENTS--GENERAL INFORMATION | |
| fixed length control field | 890623r19891973nyu b 001 0 eng |
| 020 ## - INTERNATIONAL STANDARD BOOK NUMBER | |
| International Standard Book Number | 0938410873 : |
| Terms of availability | $13.95 |
| 020 ## - INTERNATIONAL STANDARD BOOK NUMBER | |
| International Standard Book Number | 9780938410874 |
| 050 00 - LIBRARY OF CONGRESS CALL NUMBER | |
| Classification number | E743.5 |
| Item number | .B36 1989 |
| 082 00 - DEWEY DECIMAL CLASSIFICATION NUMBER | |
| Classification number | 973.918 |
| Edition information | 20 |
| 100 1# - MAIN ENTRY--PERSONAL NAME | |
| Personal name | Belfrage, Cedric, |
| Dates associated with a name | 1904- |
| 245 14 - TITLE STATEMENT | |
| Title | The American Inquisition, 1945-1960 : |
| Remainder of title | a profile of the "McCarthy era" / |
| Statement of responsibility, etc. | Cedric Belfrage. |
| 250 ## - EDITION STATEMENT | |
| Edition statement | 1st Thunder's Mouth Press ed. |
| 260 ## - PUBLICATION, DISTRIBUTION, ETC. | |
| Place of publication, distribution, etc. | New York, N.Y. : |
| Name of publisher, distributor, etc. | Thunder's Mouth Press ; |
| Place of publication, distribution, etc. | St. Paul, Minn. : |
| Name of publisher, distributor, etc. | Distributed by Consortium Book Sales and Distribution, |
| Date of publication, distribution, etc. | 1989. |
| 300 ## - PHYSICAL DESCRIPTION | |
| Extent | xxv, 328 p. ; |
| Dimensions | 24 cm. |
| 500 ## - GENERAL NOTE | |
| General note | Reprint. Originally published: Indianapolis : Bobbs-Merrill, 1973. |
| 650 #0 - SUBJECT ADDED ENTRY--TOPICAL TERM | |
| Topical term or geographic name entry element | Internal security |
| Geographic subdivision | United States |
| General subdivision | History |
| Chronological subdivision | 20th century. |
| 650 #0 - SUBJECT ADDED ENTRY--TOPICAL TERM | |
| Topical term or geographic name entry element | Subversive activities |
| Geographic subdivision | United States |
| General subdivision | History |
| Chronological subdivision | 20th century. |
| 650 #0 - SUBJECT ADDED ENTRY--TOPICAL TERM | |
| Topical term or geographic name entry element | Communism |
| Geographic subdivision | United States. |
| 942 ## - ADDED ENTRY ELEMENTS (KOHA) | |
| Source of classification or shelving scheme | Library of Congress Classification |
| Koha item type | Books |
| Suppress in OPAC | No |
| 999 ## - | |
| -- | 9443 |
| -- | 9443 |
| Withdrawn status | Lost status | Source of classification or shelving scheme | Damaged status | Not for loan | Collection | Home library | Current library | Shelving location | Date acquired | Total checkouts | Full call number | Barcode | Date last seen | Price effective from | Koha item type |
|---|---|---|---|---|---|---|---|---|---|---|---|---|---|---|---|
| Library of Congress Classification | Non-fiction | Main Library (Kumasi) | Main Library (Kumasi) | General stacks | 04/22/2026 | E743.5,B36 BEL | bssk00000144 | 04/22/2026 | 04/22/2026 | Books |